| 000 | 01335 a2200253 4500 | ||
|---|---|---|---|
| 001 | 45956 | ||
| 005 | 20260407155732.0 | ||
| 008 | 260407a2000 arg spa d | ||
| 003 | AR-UNSa-BCEJYS | ||
| 040 |
_aAR-UNSa-BCEJYS _bspa _cAR-UNSa-BCEJYS |
||
| 080 |
_a004.65*A _xSistemas de gestión de bases de datos (SG-BD)(Access) |
||
| 245 | 1 | 0 |
_aTodo el Access 97 en un solo libro _ppara pc IBM y compatibles |
| 020 | _a987-9008-53-7 | ||
| 264 | 1 |
_aBuenos Aires : _bGYR _c2000 |
|
| 300 |
_a333 p. _c24 cm. |
||
| 505 | _a1. Microsoft Access, definiciones y conceptos – 2. Creación de una base de datos – 3. Impresión y diseño de tablas – 4. Trabajemos con los datos de la tabla – 5. Consultas básicas – 6. Las relaciones en la base de datos – 7. Manejo básico de formularios e informes – 8. Los distintos tipos de datos – 9. Consultas especiales – 10. Diseño básico de formularios – 11. Trabajando con las herramientas de diseño – 12. Trabajemos con informes – 13. Trabajemos con macros – 14. Incorporemos módulos de visual basic - | ||
| 041 | _aspa | ||
| 942 | _cBK | ||
| 590 | _aniveau_biblio:m niveau_hierar:0 | ||
| 100 | 1 | _aBoqué, Carlos | |
| 650 | _aACCESS | ||
| 856 | 4 | 1 |
_uhttps://www.biblioeco.unsa.edu.ar/pmb/images/libros/L127245.jpg _yImagen de portada _qimage/jpeg |
| 650 | _a access | ||
| 999 |
_c4085 _d4085 |
||